| 000 | 00667nam a2200241Ia 4500 | ||
|---|---|---|---|
| 003 | OSt | ||
| 005 | 20220928115350.0 | ||
| 006 | a|||||r|||| 00| 0 | ||
| 007 | ta | ||
| 008 | 220927b |||||||| |||| 00| 0 eng d | ||
| 024 | _a121951 | ||
| 037 | _cReference Collections | ||
| 040 |
_aSDCL _cSDCL _beng |
||
| 041 |
_2eng _aeng |
||
| 082 | _aR3xK85aN7, L3 RR | ||
| 100 |
_aJessop T E _9444003 |
||
| 245 | 0 | _aBibliography of George Berkeley. | |
| 250 | _a2 | ||
| 260 |
_aNetherlands _bMartinus Nijhoff _c1973 |
||
| 300 |
_axi,155p _ccm. |
||
| 942 |
_hR3xK85aN7, L3 RR _cREF _2CC |
||
| 999 |
_c759138 _d759138 |
||